Contemporary Abstract Algebra (Record no. 85807)

MARC details
000 -LEADER
fixed length control field 00345pam a2200145 a 4500
020 ## - INTERNATIONAL STANDARD BOOK NUMBER
International Standard Book Number 81-7319-269-3
Terms of availability
040 ## - CATALOGING SOURCE
Original cataloging agency MMSN_627012
041 ## - LANGUAGE CODE
Language code of original
100 ## - MAIN ENTRY--PERSONAL NAME
Personal name Joseph A., Gallian
245 ## - TITLE STATEMENT
Title Contemporary Abstract Algebra
Medium Paper
250 ## - EDITION STATEMENT
Edition statement 4th ed
260 ## - PUBLICATION, DISTRIBUTION, ETC.
Place of publication, distribution, etc. New Delhi
Name of publisher, distributor, etc. Narosa Publishing House
Date of publication, distribution, etc. 1999
365 ## - TRADE PRICE
Price type code RS.:250
930 ## - EQUIVALENCE OR CROSS-REFERENCE-UNIFORM TITLE HEADING [LOCAL, CANADA]
Uniform title 8901
Holdings
Withdrawn status Lost status Damaged status Not for loan Collection Home library Current library Date acquired Source of acquisition Cost, normal purchase price Total Checkouts Full call number Barcode Date last seen Copy number Price effective from Koha item type
          Yashwantrao Mohite College of Arts, Science And Commerce, Pune Yashwantrao Mohite College of Arts, Science And Commerce, Pune 04/06/2021 Bharati Sahakari Madhyavarti Grahak Bhandar 280.00   YMP-38996 24/02/2023 1 24/02/2023 Book